Poland boundaries - Statistics

General Stats
  • This quiz has been taken 76 times
  • The average score is 1 of 7
Answers on the Map
Answers color-coded by a green-red scale on the quiz's map according to % correct below.
 
Answer Stats
Answer % Correct
belarus
45%
germany
31%
lithuania
17%
slovakia
17%
the czech republic
14%
russia
10%
ukraine
7%
No matching quizzes found
Score Distribution
Percent of People with Each Score
Percentile by Number Answered
Your Score History
You have not taken this quiz